000
00316nam a2200121Ia 4500
008
190722s9999 xx 000 0 und d
020
_a
978-93-325-5516-7
100
_a
George M.Marakas
245
0
_a
Decision Support Systems in the 21st Century
260
_a
New Delhi
_b
Pearson
_c
2015
300
_a
611
942
_c
BK
999
_c
713
_d
713